El mercado alternativo bursátil (MAB) (Registro nro. 46912)
[ vista simple ]
| 000 -CABECERA | |
|---|---|
| Longitud fija campo de control | 01137naa a2200265 c 4500 |
| 001 - NÚMERO DE CONTROL | |
| Número de control | 46912 |
| 003 - IDENTIFICADOR DE NÚMERO DE CONTROL | |
| Identificador del número de control | ES-MaCES |
| 005 - FECHA Y HORA DE LA ÚLTIMA TRANSACCIÓN | |
| Fecha y hora de la última transacción | 20160105132613.0 |
| 008 - CAMPO FIJO DE DESCRIPCIÓN FIJA--INFORMACIÓN GENERAL | |
| Códigos de información de longitud fija | 160105s2015 sp ||||| t||||||| ||spa d |
| 040 ## - FUENTE DE CATALOGACIÓN | |
| Centro catalogador de origen | ES-MaCES |
| Lengua de catalogación | spa |
| Centro transcriptor | ES-MaCES |
| Centro modificado | ES-MaCES |
| 100 1# - ENCABEZAMIENTO PRINCIPAL--NOMBRE PERSONAL | |
| 9 (RLIN) | 36333 |
| Nombre de persona | Giralt Serra, Antonio |
| 245 13 - MENCIÓN DE TÍTULO | |
| Título | El mercado alternativo bursátil (MAB) |
| Resto del título | : evolución y perspectivas |
| Mención de responsabilidad, etc. | Antonio Giralt Serra, Jesús González Nieto-Márquez |
| 500 ## - NOTA GENERAL | |
| Nota general | Resumen |
| 650 #4 - ASIENTO SECUNDARIO DE MATERIA--TÉRMINO DE MATERIA | |
| 9 (RLIN) | 30173 |
| Término de materia o nombre geográfico como elemento inicial | pequeña empresa |
| 650 #4 - ASIENTO SECUNDARIO DE MATERIA--TÉRMINO DE MATERIA | |
| 9 (RLIN) | 30640 |
| Término de materia o nombre geográfico como elemento inicial | acceso a créditos |
| 650 #4 - ASIENTO SECUNDARIO DE MATERIA--TÉRMINO DE MATERIA | |
| 9 (RLIN) | 28125 |
| Término de materia o nombre geográfico como elemento inicial | financiación |
| 650 #4 - ASIENTO SECUNDARIO DE MATERIA--TÉRMINO DE MATERIA | |
| 9 (RLIN) | 28138 |
| Término de materia o nombre geográfico como elemento inicial | autofinanciamiento |
| 650 #4 - ASIENTO SECUNDARIO DE MATERIA--TÉRMINO DE MATERIA | |
| 9 (RLIN) | 28150 |
| Término de materia o nombre geográfico como elemento inicial | mercado financiero |
| 650 #4 - ASIENTO SECUNDARIO DE MATERIA--TÉRMINO DE MATERIA | |
| 9 (RLIN) | 30705 |
| Término de materia o nombre geográfico como elemento inicial | valores bursátiles |
| 653 10 - TÉRMINO DE INDEXACIÓN--NO CONTROLADO | |
| Término no controlado | Financiación |
| 700 1# - ENCABEZAMIENTO SECUNDARIO--NOMBRE PERSONAL | |
| 9 (RLIN) | 36334 |
| Nombre de persona | González Nieto-Márquez, Jesús |
| 773 0# - ENTRADA DE DOCUMENTO FUENTE | |
| Itemnumber del ítem fuente | 83826 |
| Lugar, editor y fecha de publicación | Madrid (Padre Damián, 48, 28036) Fundación Fondo para la Investigación Económica y Social, Obra Social de la Confederación Española de Cajas de Ahorros |
| Otro identificador del documento | 086728 |
| Título | Papeles de economía española |
| Número de control del registro relacionado | (ES-MaCES)25203 |
| Parte(s) relacionada(s) | n. 146 (2015) {10187 R. 086728} ;p. 78-89 |
| 902 ## - CES. TIPO DE DOCUMENTO | |
| Tipodoc (006$c Sirtex) | ART Artículo de revista |
| 942 ## - ELEMENTOS KOHA | |
| Fuente de clasificaión o esquema | Clasificación propia del CES |
| Koha [por defecto] tipo de item | Artículos (1982-2017) |
| Parte de clasificación | Economía |
No hay ítems disponibles.
